Rozšírenie prostriedku katalyzer.sk pre kontinuálne meranie v IP sieťach
Uložené v:
| Hlavný autor: | |
|---|---|
| Ďalší autori: | |
| Médium: | Rukopis Kniha |
| Jazyk: | Slovak |
| Vydavateľské údaje: |
2019
|
| Predmet: | |
| On-line prístup: | http://is.stuba.sk/zp/portal_zp.pl?podrobnosti=131591 |
| Tagy: |
Žiadne tagy, Buďte prvý, kto otaguje tento záznam!
|
MARC
| LEADER | 00000ntm a22000003a 4500 | ||
|---|---|---|---|
| 001 | stuzp70379 | ||
| 003 | SK-STU | ||
| 005 | 20190717151237.6 | ||
| 007 | ta | ||
| 008 | 150427s2015----xo-----f-mn---000-0-slo-d | ||
| 040 | |a STU |b slo | ||
| 041 | 0 | |a slo | |
| 044 | |a xo | ||
| 100 | 1 | |a Záhradník, Michal |u 070400 |4 aut |U FIIT Fakulta informatiky a informačných technológií |T FIIT Ústav počítačového inžinierstva a aplikovanej informatiky |X 79816 |U I400 |Y 672 |7 79816 | |
| 242 | 0 | 1 | |a Extension of katalyzer.sk for Continual Measurement in IP Networks |y eng |
| 245 | 1 | 0 | |a Rozšírenie prostriedku katalyzer.sk pre kontinuálne meranie v IP sieťach |
| 260 | |c 2019 | ||
| 300 | |e Neobsahuje CD-rom | ||
| 650 | 4 | |a Analyzátor |2 slo | |
| 650 | 4 | |a Sieť |2 slo | |
| 650 | 4 | |a Internet |2 slo | |
| 650 | 4 | |a KaTaLyzer |2 slo | |
| 650 | 4 | |a SharpPcap |2 slo | |
| 650 | 4 | |a pcap |2 slo | |
| 650 | 4 | |a Linux |2 slo | |
| 650 | 4 | |a Windows |2 slo | |
| 650 | 4 | |a IP |2 slo | |
| 650 | 4 | |a Meranie |2 slo | |
| 650 | 4 | |a KaTaLyzer |2 eng | |
| 650 | 4 | |a Analyzer |2 eng | |
| 650 | 4 | |a Internet |2 eng | |
| 650 | 4 | |a Network |2 eng | |
| 650 | 4 | |a Traffic |2 eng | |
| 650 | 4 | |a Monitoring |2 eng | |
| 650 | 4 | |a Linux |2 eng | |
| 650 | 4 | |a Windows |2 eng | |
| 650 | 4 | |a SharpPcap |2 eng | |
| 650 | 4 | |a pcap |2 eng | |
| 700 | 1 | |a Kováčik, Tomáš |u 070400 |k Z8 |4 ths |U FIIT Fakulta informatiky a informačných technológií |T FIIT Ústav počítačového inžinierstva a aplikovanej informatiky |X 11781 |U I400 |Y 672 |7 11781 | |
| 856 | 4 | |u http://is.stuba.sk/zp/portal_zp.pl?podrobnosti=131591 | |
| 996 | |b IZP20180309 |c I*BAP28/19 |l II680 |s P |a 0 |w stuzp70379_0001 | ||